[Event "3rd Kolkata GM Open 2018"]
[Site "Kolkata IND"]
[Date "2018.05.14"]
[Round "1.1"]
[White "Mehdi, Hasan Parag"]
[Black "Short, Nigel D"]
[Result "0-1"]
[WhiteTitle "FM"]
[BlackTitle "GM"]
[WhiteElo "2207"]
[BlackElo "2656"]
[WhiteFideId "10201203"]
[BlackFideId "400025"]
[EventDate "2018.05.14"]

1. e4 c5 2. Nf3 d6 3. d4 cxd4 4. Nxd4 Nf6 5. Nc3 a6 6. Be3 Nbd7 7. f3 e6 8. Qd2
b5 9. O-O-O Bb7 10. g4 Nb6 11. Qf2 Nfd7 12. h4 Rc8 13. Kb1 Rxc3 14. bxc3 Qc7 15.
Bxb5 axb5 16. Nxb5 Qc6 17. Na7 Qc7 18. Nb5 Qc4 19. Nxd6+ Bxd6 20. Rxd6 Na4 21.
Rd4 Qb5+ 22. Kc1 Qb2+ 23. Kd1 Nxc3+ 24. Kd2 Ba6 25. Qh2 e5 26. Rd6 Nxe4+ 0-1

[Event "3rd Kolkata GM Open 2018"]
[Site "Kolkata IND"]
[Date "2018.05.14"]
[Round "1.2"]
[White "Gupta, Abhijeet"]
[Black "Sharon, S M"]
[Result "1-0"]
[WhiteTitle "GM"]
[BlackTitle "CM"]
[WhiteElo "2619"]
[BlackElo "2204"]
[WhiteFideId "5010608"]
[BlackFideId "10209808"]
[EventDate "2018.05.14"]

1. d4 Nf6 2. c4 g6 3. Nc3 Bg7 4. e4 d6 5. f3 O-O 6. Nge2 c5 7. d5 e6 8. Ng3 a6
9. a4 exd5 10. cxd5 Nbd7 11. Be2 Ne5 12. O-O h5 13. Bg5 Rb8 14. f4 Neg4 15. e5
dxe5 16. fxe5 Nxe5 17. Nce4 Ned7 18. Qc1 Qe8 19. Rxf6 Qe5 20. Rf2 Qxd5 21. Bc4
Qd4 22. Be3 Qe5 23. Bf4 Qd4 24. Ng5 Ne5 25. Bxe5 Bxe5 26. Nf3 Qf4 27. Qc2 Bg7
28. Raf1 b5 29. axb5 axb5 30. Bd5 Qd6 31. Rd1 Qb6 32. Ng5 c4 33. Bxf7+ Rxf7 34.
Nxf7 h4 35. Rd8+ Kh7 36. Qd2 hxg3 37. Rh8+ 1-0

[Event "3rd Kolkata GM Open 2018"]
[Site "Kolkata IND"]
[Date "2018.05.14"]
[Round "1.3"]
[White "Aditya, Mittal"]
[Black "Karthikeyan, Murali"]
[Result "0-1"]
[WhiteTitle "CM"]
[BlackTitle "GM"]
[WhiteElo "2199"]
[BlackElo "2617"]
[WhiteFideId "35042025"]
[BlackFideId "5074452"]
[EventDate "2018.05.14"]

1. d4 d5 2. c4 e6 3. Nc3 Be7 4. Nf3 Nf6 5. Bf4 O-O 6. e3 Nbd7 7. c5 Ne4 8. Bd3
f5 9. Ne2 c6 10. b4 b6 11. O-O a5 12. a3 g5 13. Bg3 Nxg3 14. Nxg3 g4 15. Nd2 Bg5
16. Qc2 bxc5 17. bxc5 Nf6 18. Rab1 f4 19. exf4 Bxf4 20. Ne2 Bc7 21. f4 Qe7 22.
g3 h5 23. Nc3 h4 24. Rf2 Nh5 25. Nf1 Qf6 26. Ne2 e5 27. dxe5 Bxe5 28. Qd2 Ra7
29. Ne3 Raf7 30. Rg2 Bc7 31. Nc2 Re7 32. Ncd4 Rfe8 33. Qc2 Ng7 34. Bh7+ Kh8 35.
Qg6 Rf8 36. Qxf6 Rxf6 37. Bd3 Re3 38. Rd1 h3 39. Rf2 Bb8 40. Rff1 Ba7 41. Kf2
Re8 42. Rc1 Ne6 43. Nxe6 Rfxe6 44. Nd4 Re3 45. Rfd1 Bd7 46. Be2 Rxa3 47. Rd3 Ra4
48. f5 Re4 49. Ne6 Bxe6 50. fxe6 Rxe6 51. Rc2 Rae4 52. Rdd2 a4 53. Ke1 Bb8 54.
Rc3 Bc7 55. Rb2 Ba5 56. Rb8+ Kg7 57. Rb7+ Kf6 0-1

[Event "3rd Kolkata GM Open 2018"]
[Site "Kolkata IND"]
[Date "2018.05.14"]
[Round "1.4"]
[White "Amonatov, Farrukh"]
[Black "Krishnater, Kushager"]
[Result "1/2-1/2"]
[WhiteTitle "GM"]
[WhiteElo "2608"]
[BlackElo "2195"]
[WhiteFideId "14700077"]
[BlackFideId "25041142"]
[EventDate "2018.05.14"]

1. e4 e5 2. Nf3 Nc6 3. Bb5 a6 4. Ba4 d6 5. Bxc6+ bxc6 6. d4 exd4 7. Nxd4 c5 8.
Ne2 Nf6 9. Nbc3 Bb7 10. Ng3 g6 11. Bf4 Bg7 12. Qd2 O-O 13. O-O-O Ng4 14. h4 h5
15. Bg5 Qb8 16. f3 Ne5 17. b3 Bc6 18. Rdf1 Qb4 19. Nb1 a5 20. Bh6 Qxd2+ 21. Bxd2
a4 22. Bc3 axb3 23. axb3 Ra2 24. f4 Bh6 25. Bd2 Ng4 26. Nc3 Ra3 27. Nb1 Ra2 28.
Nc3 Ra3 29. Nb1 Ra2 30. Nc3 Ra3 31. Nb1 Ra2 32. Nc3 1/2-1/2

[Event "3rd Kolkata GM Open 2018"]
[Site "Kolkata IND"]
[Date "2018.05.14"]
[Round "1.5"]
[White "Bharath, Subramaniyam H"]
[Black "Aravindh, Chithambaram VR."]
[Result "0-1"]
[WhiteTitle "CM"]
[BlackTitle "GM"]
[WhiteElo "2190"]
[BlackElo "2597"]
[WhiteFideId "46634827"]
[BlackFideId "5072786"]
[EventDate "2018.05.14"]

1. e4 c5 2. Nc3 Nc6 3. f4 g6 4. Nf3 Bg7 5. Bb5 Nd4 6. O-O a6 7. Bd3 e6 8. Nxd4
Bxd4+ 9. Kh1 d6 10. Qf3 Ne7 11. f5 exf5 12. exf5 Nxf5 13. g4 Nh6 14. Bc4 O-O 15.
h3 Qh4 16. Kg2 Be5 17. Qf2 Qxf2+ 18. Rxf2 Kg7 19. d3 Be6 20. Bd2 b5 21. Bxe6
fxe6 22. Re2 Nf7 23. Rae1 Bxc3 24. bxc3 e5 25. Be3 Rac8 26. d4 cxd4 27. cxd4 Rc4
28. dxe5 dxe5 29. Rd2 Rd8 30. Rf2 Rdc8 31. Ree2 Nd6 32. Rd2 R4c6 33. Rd5 Re8 34.
Bc5 Ne4 35. Rd7+ Kh8 36. Rff7 Ng5 37. Rf8+ Rxf8 38. Bxf8 Kg8 39. Bh6 Rxc2+ 40.
Kg3 Rc3+ 41. Kg2 Nf7 42. g5 Ra3 43. Re7 Rxa2+ 44. Kg3 Ra3+ 45. Kg2 Nxh6 46. gxh6
b4 47. Rg7+ Kf8 48. Rxh7 Kg8 49. Rg7+ Kh8 50. Rxg6 a5 51. Rb6 Kh7 52. h4 b3 53.
Kf3 b2+ 54. Ke2 Rh3 55. Kf1 b1=R+ 56. Rxb1 Rh1+ 57. Kg2 Rxb1 58. Kh2 Rb3 59. Kg2
a4 60. Kf2 a3 61. Kg2 a2 62. Kh2 a1=R 63. Kg2 Ra2+ 64. Kf1 Rb1# 0-1

[Event "3rd Kolkata GM Open 2018"]
[Site "Kolkata IND"]
[Date "2018.05.14"]
[Round "1.6"]
[White "Rozum, Ivan"]
[Black "Ajay, Karthikeyan"]
[Result "1-0"]
[WhiteTitle "GM"]
[WhiteElo "2581"]
[BlackElo "2189"]
[WhiteFideId "24104272"]
[BlackFideId "35011685"]
[EventDate "2018.05.14"]

1. c4 Nf6 2. Nc3 g6 3. g3 Bg7 4. Bg2 O-O 5. d3 d6 6. e4 c5 7. Nge2 Nc6 8. h3 a6
9. Be3 Bd7 10. a4 Rb8 11. O-O Ne8 12. d4 b6 13. Kh2 Nc7 14. f4 Na5 15. Qd3 Ne6
16. Ra3 Nc6 17. d5 Nb4 18. Qd2 Nd4 19. Bxd4 cxd4 20. Na2 Nxa2 21. Rxa2 Qc7 22.
Rc1 Qa7 23. b3 Rfc8 24. Rd1 Rc5 25. Nxd4 Rbc8 26. Nc2 Qb8 27. Nb4 Qb7 28. Qe3 b5
29. axb5 axb5 30. Na6 bxc4 31. Nxc5 Rxc5 32. bxc4 Rxc4 33. Ra7 Qc8 34. Qb3 Rc7
35. Rxc7 Qxc7 36. Rb1 Bf6 37. Qb8+ Qxb8 38. Rxb8+ Kg7 39. Bf1 Ba4 40. Bd3 Bc3
41. Rc8 Bd2 42. Ra8 Bb3 43. Ra3 Bd1 44. Ra1 Bb3 45. Be2 1-0

[Event "3rd Kolkata GM Open 2018"]
[Site "Kolkata IND"]
[Date "2018.05.14"]
[Round "1.7"]
[White "Rahman, Syed Mahfuzur"]
[Black "Sandipan, Chanda"]
[Result "0-1"]
[WhiteTitle "FM"]
[BlackTitle "GM"]
[WhiteElo "2188"]
[BlackElo "2573"]
[WhiteFideId "10200738"]
[BlackFideId "5004225"]
[EventDate "2018.05.14"]

1. d4 f5 2. e4 fxe4 3. Nc3 Nf6 4. Bg5 g6 5. d5 Bg7 6. Qd2 O-O 7. O-O-O d6 8. Re1
c6 9. Bxf6 exf6 10. Nxe4 c5 11. Nf3 h6 12. c4 b5 13. cxb5 f5 14. Nc3 a6 15. bxa6
Nxa6 16. h4 Nb4 17. a3 Bxc3 18. bxc3 Rxa3 19. cxb4 Ra1+ 20. Kb2 Qf6+ 21. Kb3 Bd7
22. Rxa1 Qxa1 23. Bb5 Qxh1 24. Bxd7 Qb1+ 25. Qb2 c4+ 0-1

[Event "3rd Kolkata GM Open 2018"]
[Site "Kolkata IND"]
[Date "2018.05.14"]
[Round "1.8"]
[White "Sengupta, Deep"]
[Black "Bhambure, Shantanu"]
[Result "1-0"]
[WhiteTitle "GM"]
[WhiteElo "2563"]
[BlackElo "2188"]
[WhiteFideId "5008352"]
[BlackFideId "5025931"]
[EventDate "2018.05.14"]

1. c4 e6 2. Nf3 d5 3. e3 Nf6 4. b3 Be7 5. Bb2 O-O 6. Be2 Nbd7 7. O-O b6 8. d3
Bb7 9. Qc2 c5 10. Nbd2 Rc8 11. Rac1 Qc7 12. Qb1 Qb8 13. Qa1 Bd6 14. h3 Rfe8 15.
cxd5 exd5 16. d4 a6 17. Rfd1 h6 18. Nh4 Bf8 19. Nf5 Re6 20. Bf3 Bc6 21. Ng3 Bd6
22. Ndf1 a5 23. Ne2 a4 24. g3 axb3 25. axb3 Qb7 26. Nf4 Bxf4 27. exf4 c4 28. f5
Ree8 29. bxc4 dxc4 30. d5 Bb5 31. Bd4 Ra8 32. Qb2 Ba4 33. Re1 Rxe1 34. Rxe1 Re8
35. Ra1 Qa6 36. Ne3 b5 37. Qb4 Rc8 38. Bd1 Ne4 39. Bxa4 bxa4 40. Rxa4 Qd6 41.
Qb7 Rb8 42. Qc6 c3 43. Qxd6 Nxd6 44. Bxc3 Rb5 45. Ra8+ Kh7 46. Rd8 Rb7 47. Kg2
h5 48. g4 hxg4 49. hxg4 f6 50. Ra8 Ne4 51. Ra3 Nd6 52. Ra6 Ne4 53. Ra3 Nd6 54.
Ba1 Kh6 55. Kf3 Kh7 56. Ra6 Nf7 57. Ke2 Nc5 58. Rc6 Ne4 59. Bd4 Kh6 60. Rb6 Rc7
61. f3 Ned6 62. f4 Kh7 63. Kd3 Ra7 64. Bc5 Rd7 65. Kd4 Nc8 66. Rc6 Ne7 67. Bxe7
Rxe7 68. d6 Rd7 69. Kd5 1-0

[Event "3rd Kolkata GM Open 2018"]
[Site "Kolkata IND"]
[Date "2018.05.14"]
[Round "1.9"]
[White "Godbole, Atharva"]
[Black "Tukhaev, Adam"]
[Result "0-1"]
[BlackTitle "GM"]
[WhiteElo "2181"]
[BlackElo "2551"]
[WhiteFideId "5059550"]
[BlackFideId "14109476"]
[EventDate "2018.05.14"]

1. e4 c5 2. Nf3 e6 3. d4 cxd4 4. Nxd4 Nc6 5. Nc3 a6 6. Nxc6 bxc6 7. Bd3 d5 8.
O-O Nf6 9. e5 Nd7 10. Bf4 Be7 11. Qg4 g5 12. Bd2 Nxe5 13. Qh5 Nd7 14. Qh6 Ne5
15. Qh5 Nxd3 16. cxd3 O-O 17. f4 Qb6+ 18. Rf2 Qd4 19. Re1 Qxd3 20. f5 f6 21. Re3
Qd4 22. fxe6 Qh4 23. Qxh4 gxh4 24. Na4 Rb8 25. Rfe2 c5 26. Rh3 f5 27. Bh6 Rd8
28. Rf3 Rb4 29. b3 Re4 30. Rxe4 fxe4 31. Rf7 Re8 32. Rf5 Bxe6 33. Rf1 d4 34. Re1
e3 35. Nb2 c4 36. bxc4 Bb4 37. Rc1 Bf5 0-1

[Event "3rd Kolkata GM Open 2018"]
[Site "Kolkata IND"]
[Date "2018.05.14"]
[Round "1.10"]
[White "Nihal, Sarin"]
[Black "Panda, Sambit"]
[Result "1/2-1/2"]
[WhiteTitle "IM"]
[WhiteElo "2551"]
[BlackElo "2181"]
[WhiteFideId "25092340"]
[BlackFideId "25091794"]
[EventDate "2018.05.14"]

1. e4 e5 2. Nf3 Nc6 3. Bc4 Nf6 4. d3 Be7 5. O-O O-O 6. h3 d6 7. a3 Na5 8. Ba2 c5
9. Nc3 Nc6 10. Bg5 Be6 11. Bxf6 Bxf6 12. Nd5 g6 13. c3 Bg7 14. Nd2 Ne7 15. Nxe7+
Qxe7 16. Nc4 Bh6 17. Re1 Qc7 18. Ne3 Bxe3 19. Rxe3 Bxa2 20. Rxa2 f5 21. exf5
Rxf5 22. b4 Raf8 23. Rae2 cxb4 24. Qb3+ Qf7 25. Qxf7+ R5xf7 26. axb4 Rc8 27. c4
b5 28. cxb5 Rb8 29. d4 Rxb5 30. dxe5 dxe5 31. Rxe5 Rxb4 32. f3 Rfb7 33. Re8+ Kf7
34. Ra8 Rb1+ 35. Kh2 Ra1 36. Kg3 Kf6 37. h4 h5 38. Rc8 Ra6 39. Re4 Kg7 40. Kh3
Kf7 41. Rf4+ Rf6 42. Ra4 Kg7 43. Ra8 Rff7 44. Kg3 Rbc7 45. Ra6 Rb7 46. Rd8 Rb6
47. Ra5 Rc6 48. Rd4 Rb6 49. Rda4 Rbb7 50. Ra6 Kh7 51. R4a5 Kg7 52. Ra2 Kh7 53.
Re6 Rfe7 54. Rc6 Rec7 55. Rca6 Rf7 56. Rc2 Rfc7 57. Rca2 Rf7 58. R6a5 Kg7 59.
Rc5 Rfc7 60. Rg5 Rf7 61. Ra3 Rf6 62. Kh3 Kh7 63. Rc5 Kg7 64. Re3 Rff7 65. Rd5
Rbd7 66. Ra5 Rb7 67. Rea3 Kh7 68. g3 Kg7 69. f4 Kh7 70. Kg2 Kg7 71. Kf3 Kh7 72.
Re3 Rfe7 73. Rea3 Rf7 74. Re5 Rbe7 75. Ke4 Kg7 76. Ra6 Rxe5+ 77. fxe5 Rb7 78.
Kd5 Kf7 79. Rf6+ Kg7 80. Rf3 Rb5+ 81. Kd6 Rb6+ 82. Kd7 Rb7+ 83. Kc6 Rb6+ 84. Kc7
Re6 85. Re3 Kf7 86. Kd7 Re7+ 87. Kd6 Re6+ 88. Kd5 Ra6 89. Rc3 Ke7 90. Rc7+ Ke8
91. e6 Ra3 92. Kd6 Rd3+ 93. Ke5 Rxg3 94. Rxa7 Rg4 95. Kf6 Rf4+ 96. Kg5 Rg4+ 97.
Kf6 Rf4+ 98. Kg5 1/2-1/2

[Event "3rd Kolkata GM Open 2018"]
[Site "Kolkata IND"]
[Date "2018.05.14"]
[Round "1.11"]
[White "Senthil, Maran K"]
[Black "Vishnu Prasanna, V"]
[Result "1-0"]
[BlackTitle "GM"]
[WhiteElo "2180"]
[BlackElo "2532"]
[WhiteFideId "25035681"]
[BlackFideId "5030692"]
[EventDate "2018.05.14"]

1. d4 Nf6 2. c4 e6 3. g3 Bb4+ 4. Nd2 d5 5. Bg2 O-O 6. Nf3 b6 7. O-O Bb7 8. cxd5
exd5 9. Ne5 Nc6 10. Qa4 a5 11. Nxc6 Qe8 12. Nf3 Bxc6 13. Qc2 Bd6 14. Bf4 Bxf4
15. gxf4 Bb5 16. Ne5 Qe6 17. Qb3 Bxe2 18. Rfe1 Ba6 19. Ng6 Qd6 20. Nxf8 Rxf8 21.
Re5 Bb7 22. Qg3 Ne4 23. Qh4 Qb4 24. Rh5 Nf6 25. Rg5 Qxd4 26. Re1 Ne4 27. Bxe4
dxe4 28. Re3 f5 29. Rxg7+ Qxg7+ 30. Rg3 Qxg3+ 31. hxg3 Rf7 32. Qg5+ Kf8 33. Qd8+
Kg7 34. Kh2 Ba6 35. g4 fxg4 36. Kg3 Bd3 37. Kxg4 Be2+ 38. Kg3 Bf3 39. Kh3 h6 40.
Kg3 Kh7 41. f5 Rxf5 42. Qxc7+ Kg6 43. Qxb6+ Kh5 44. b4 axb4 45. Qxb4 Kg5 46.
Qe7+ Rf6 47. a4 h5 48. a5 h4+ 49. Kh2 Kf5 50. Qd7+ Kf4 51. Qc7+ Kg5 52. Qe5+ Kg6
53. Kh3 Rf5 54. Qe8+ Kg5 55. Qg8+ Kf4 56. a6 e3 57. Qc4+ Be4 58. a7 Rf8 59. f3 1-0

[Event "3rd Kolkata GM Open 2018"]
[Site "Kolkata IND"]
[Date "2018.05.14"]
[Round "1.13"]
[White "Deshpande, Aniruddha"]
[Black "Burmakin, Vladimir"]
[Result "0-1"]
[WhiteTitle "FM"]
[BlackTitle "GM"]
[WhiteElo "2170"]
[BlackElo "2528"]
[WhiteFideId "5021774"]
[BlackFideId "4105109"]
[EventDate "2018.05.14"]

1. d4 d5 2. c4 c6 3. Nf3 Nf6 4. Qb3 e6 5. Bg5 Nbd7 6. e3 Qa5+ 7. Nc3 Ne4 8. cxd5
Nxg5 9. Nxg5 exd5 10. Bd3 Be7 11. Nf3 Nf6 12. O-O O-O 13. Ne5 Qd8 14. f4 c5 15.
Be2 Qb6 16. Bf3 Qxb3 17. axb3 Rd8 18. g4 cxd4 19. exd4 Ne4 20. Rfe1 Bb4 21. Rac1
Ba5 22. Kg2 f5 23. gxf5 Kf8 24. Re3 Nf6 25. Ng4 Bxf5 26. Nxf6 gxf6 27. Ra1 Bb6
28. Ra4 Bd7 29. Rb4 Bc6 30. Re6 Ba5 31. Ra4 Bxc3 32. Rxf6+ Ke7 33. Rxc6 bxc6 34.
bxc3 a5 35. c4 Kd6 36. cxd5 cxd5 37. Ra1 Rdb8 38. Rc1 Rb4 0-1

[Event "3rd Kolkata GM Open 2018"]
[Site "Kolkata IND"]
[Date "2018.05.14"]
[Round "1.14"]
[White "Narayanan, Srinath"]
[Black "Jeet, Jain"]
[Result "1-0"]
[WhiteTitle "GM"]
[BlackTitle "FM"]
[WhiteElo "2525"]
[BlackElo "2169"]
[WhiteFideId "5018420"]
[BlackFideId "5073022"]
[EventDate "2018.05.14"]

1. e4 e5 2. Nf3 Nc6 3. Bb5 a6 4. Ba4 Nf6 5. O-O b5 6. Bb3 Bc5 7. a4 Rb8 8. c3 d6
9. d4 Bb6 10. a5 Ba7 11. Be3 Bg4 12. Nbd2 O-O 13. h3 Bh5 14. Qe1 exd4 15. Nxd4
Nxd4 16. cxd4 Bg6 17. e5 dxe5 18. dxe5 Bxe3 19. Qxe3 Nd5 20. Bxd5 Qxd5 21. Rfc1
Rbd8 22. Nf1 Rfe8 23. Rc5 Qd3 24. Re1 f6 25. Qc1 fxe5 26. Rxc7 e4 27. Ne3 Qd2
28. Qa1 Rf8 29. Rc2 Qb4 30. Rf1 Rd2 31. Rxd2 Qxd2 32. b3 Qd6 33. Qc3 Qf6 34. Qc5
Bf7 35. b4 Be6 36. Nd5 Qf7 37. Ne7+ Kh8 38. Nc6 Rc8 39. Ne5 Qf5 40. Qd4 Rf8 41.
Re1 Bd5 42. Qxd5 Qxf2+ 43. Kh2 e3 44. Rxe3 Qf4+ 45. Rg3 g6 46. Nd3 Qf5 47. Qxf5 1-0

[Event "3rd Kolkata GM Open 2018"]
[Site "Kolkata IND"]
[Date "2018.05.14"]
[Round "1.15"]
[White "Samant, Aditya S"]
[Black "Shyam, Sundar M."]
[Result "0-1"]
[BlackTitle "GM"]
[WhiteElo "2167"]
[BlackElo "2518"]
[WhiteFideId "35080580"]
[BlackFideId "5019141"]
[EventDate "2018.05.14"]

1. e4 c5 2. Nf3 e6 3. d3 Nc6 4. g3 Nge7 5. Bg2 g6 6. O-O Bg7 7. c3 O-O 8. Be3 b6
9. d4 cxd4 10. Nxd4 Bb7 11. Na3 d5 12. Ndb5 a6 13. exd5 Nxd5 14. Bxd5 exd5 15.
Nd4 Ne5 16. Nac2 Nc4 17. Qc1 Re8 18. Bh6 Bh8 19. Ne3 Qd7 20. h4 Qh3 21. Ng2 Ne5
22. Nf4 Qg4 23. Ng2 Nf3+ 24. Nxf3 Qxf3 25. Qf4 d4 26. Qxf3 Bxf3 27. cxd4 Bxd4
28. Be3 Bxg2 29. Kxg2 Bxe3 30. fxe3 Rxe3 31. Rae1 Rae8 32. Rxe3 Rxe3 33. Rf2 h5
34. Rd2 Kg7 35. Kf2 Re6 36. Kf3 Kf6 37. Kf4 Ke7 38. Rc2 Kd7 39. Rd2+ Rd6 40. Rc2
f6 41. Re2 Rd3 42. Rc2 a5 43. Rg2 a4 44. Ke4 Rd1 45. a3 b5 46. Rf2 Ke6 47. Rc2
f5+ 48. Kf3 Rd3+ 49. Kf4 Rd4+ 50. Ke3 Kd5 51. Rc8 Rg4 52. Kf3 b4 53. Ra8 b3 54.
Rd8+ Kc4 55. Rc8+ Kd3 56. Rc3+ Kd2 57. Rc6 Kd1 58. Kf2 Rd4 59. Rxg6 Kc2 60. Ke3
Re4+ 61. Kf3 Kxb2 0-1

[Event "3rd Kolkata GM Open 2018"]
[Site "Kolkata IND"]
[Date "2018.05.14"]
[Round "1.16"]
[White "Deepan, Chakkravarthy J."]
[Black "Lokesh, N."]
[Result "1-0"]
[WhiteTitle "GM"]
[WhiteElo "2516"]
[BlackElo "2165"]
[WhiteFideId "5011132"]
[BlackFideId "5025044"]
[EventDate "2018.05.14"]

1. c4 Nf6 2. Nc3 e6 3. e4 d5 4. cxd5 exd5 5. e5 Ne4 6. d4 Nc6 7. Bb5 Bb4 8. Qa4
O-O 9. Bxc6 Bxc3+ 10. bxc3 bxc6 11. Ne2 Bg4 12. Ng3 f6 13. f3 Nxg3 14. hxg3 Bd7
15. Ba3 Re8 16. Qc2 g6 17. Qd2 Bf5 18. g4 Bc8 19. Kf2 Qd7 20. exf6 Ba6 21. Be7 1-0

[Event "3rd Kolkata GM Open 2018"]
[Site "Kolkata IND"]
[Date "2018.05.14"]
[Round "1.17"]
[White "Goswami, Vedant"]
[Black "Tran, Tuan Minh"]
[Result "0-1"]
[BlackTitle "GM"]
[WhiteElo "2158"]
[BlackElo "2512"]
[WhiteFideId "5003725"]
[BlackFideId "12401820"]
[EventDate "2018.05.14"]

1. e4 c5 2. Nf3 d6 3. Bb5+ Nd7 4. d4 cxd4 5. Qxd4 a6 6. Be2 e5 7. Qe3 Ngf6 8. c4
Be7 9. Nc3 O-O 10. O-O Nc5 11. Rd1 Qe8 12. b3 Ng4 13. Qd2 f5 14. h3 Nxf2 15.
Kxf2 fxe4 16. Kg1 exf3 17. Bxf3 Kh8 18. Qe2 Bd7 19. Be3 Bc6 20. Bd5 Nd7 21. Ne4
Nf6 22. Nxf6 Rxf6 23. a4 Qg6 24. Kh2 Raf8 25. Rd2 h5 26. Rad1 Rf5 27. Qd3 h4 28.
Qe4 Qg3+ 29. Kg1 Rf3 30. Ba7 R8f4 31. Bxc6 Rxe4 32. Bxe4 Re3 33. Bxb7 Re1+ 0-1

[Event "3rd Kolkata GM Open 2018"]
[Site "Kolkata IND"]
[Date "2018.05.14"]
[Round "1.18"]
[White "Swapnil, S. Dhopade"]
[Black "Harshini, A"]
[Result "1-0"]
[WhiteTitle "GM"]
[BlackTitle "WFM"]
[WhiteElo "2505"]
[BlackElo "2154"]
[WhiteFideId "5019184"]
[BlackFideId "25008986"]
[EventDate "2018.05.14"]

1. Nf3 Nf6 2. c4 g6 3. Nc3 d5 4. cxd5 Nxd5 5. Qb3 Nb6 6. d4 Bg7 7. e4 O-O 8. Be3
Bg4 9. Rd1 Nc6 10. d5 Ne5 11. Be2 Nxf3+ 12. gxf3 Bh3 13. Rg1 Qc8 14. Rg3 Bf6 15.
Bh6 Rd8 16. f4 Bh4 17. Nb5 Bxg3 18. Qxg3 c6 19. Nd4 cxd5 20. f5 dxe4 21. Qxh3
Qc5 22. Qe3 Rd5 23. Qxe4 Rad8 24. Be3 Qb4+ 25. Rd2 R8d7 26. a3 Qc5 27. f4 Qc1+
28. Rd1 Qxb2 29. fxg6 hxg6 30. f5 Qc3+ 31. Kf2 R5d6 32. Nb5 Qf6 33. Nxd6 Rxd6
34. Rxd6 exd6 35. Bd4 Qxf5+ 36. Qxf5 gxf5 37. Bxb6 axb6 38. Ke3 Kg7 39. Kf4 Kg6
40. Bf3 Kf6 41. Bd5 Kg6 42. Bxb7 Kh5 43. Kxf5 Kh4 44. Bg2 1-0

[Event "3rd Kolkata GM Open 2018"]
[Site "Kolkata IND"]
[Date "2018.05.14"]
[Round "1.19"]
[White "Kulkarni, Vinayak"]
[Black "Neverov, Valeriy"]
[Result "1-0"]
[BlackTitle "GM"]
[WhiteElo "2152"]
[BlackElo "2496"]
[WhiteFideId "5021332"]
[BlackFideId "14100150"]
[EventDate "2018.05.14"]

1. d4 Nf6 2. c4 g6 3. Nc3 Bg7 4. e4 d6 5. Nf3 O-O 6. Be2 e5 7. O-O Na6 8. Be3
Ng4 9. Bg5 f6 10. Bc1 Qe8 11. d5 f5 12. Rb1 Nc5 13. Ng5 Nf6 14. b4 Ncxe4 15.
Ngxe4 Nxe4 16. Nxe4 fxe4 17. Be3 h5 18. c5 Kh7 19. Qd2 Rf7 20. a4 Qf8 21. Rbc1
Bh6 22. Rc4 Bf5 23. a5 Bxe3 24. Qxe3 c6 25. dxc6 d5 26. cxb7 Rxb7 27. Rcc1 d4
28. Qd2 Qh6 29. Qb2 d3 30. c6 Re7 31. Bd1 e3 32. fxe3 Qxe3+ 33. Kh1 d2 34. Rc3
Qe1 35. Kg1 Rf8 36. Rf3 e4 37. Rf4 g5 38. Qc3 gxf4 39. Rxe1 dxe1=Q+ 40. Qxe1 Rg7
41. Bc2 f3 42. Bxe4 Rxg2+ 43. Kf1 f2 44. Bxf5+ Rxf5 45. Qe7+ Rg7 46. Qxg7+ Kxg7
47. c7 Rf8 48. b5 Kg6 49. b6 axb6 50. axb6 Rc8 51. Kxf2 Kg5 52. b7 Rxc7 53. b8=Q
Rc2+ 54. Kf3 Rc3+ 55. Ke2 Rc2+ 56. Kd3 Rf2 57. Qg3+ 1-0

[Event "3rd Kolkata GM Open 2018"]
[Site "Kolkata IND"]
[Date "2018.05.15"]
[Round "2.1"]
[White "Short, Nigel D"]
[Black "Vaishali, R"]
[Result "1-0"]
[WhiteTitle "GM"]
[BlackTitle "WIM"]
[WhiteElo "2656"]
[BlackElo "2316"]
[WhiteFideId "400025"]
[BlackFideId "5091756"]
[EventDate "2018.05.14"]

1. d4 Nf6 2. Nf3 d5 3. c4 e6 4. Nc3 a6 5. cxd5 exd5 6. g3 Bd6 7. Bg2 O-O 8. O-O
Re8 9. Bg5 c6 10. Re1 h6 11. Bxf6 Qxf6 12. e4 dxe4 13. Nxe4 Qd8 14. Qb3 Bf8 15.
Rad1 Re7 16. Nc5 Rxe1+ 17. Rxe1 b6 18. Ne5 Ra7 19. Bxc6 Qxd4 20. Ncd7 Rxd7 21.
Bxd7 1-0

[Event "3rd Kolkata GM Open 2018"]
[Site "Kolkata IND"]
[Date "2018.05.15"]
[Round "2.2"]
[White "Raja, Rithvik R"]
[Black "Gupta, Abhijeet"]
[Result "1/2-1/2"]
[WhiteTitle "FM"]
[BlackTitle "GM"]
[WhiteElo "2316"]
[BlackElo "2619"]
[WhiteFideId "35007394"]
[BlackFideId "5010608"]
[EventDate "2018.05.14"]

1. Nf3 Nf6 2. c4 Nc6 3. d4 e6 4. g3 Bb4+ 5. Bd2 Bxd2+ 6. Nbxd2 d6 7. Bg2 O-O 8.
O-O e5 9. d5 Nb8 10. e4 a5 11. Ne1 Na6 12. Nd3 Qe7 13. Qc2 Bd7 14. Qc3 b5 15.
Rac1 b4 16. Qc2 c6 17. c5 cxd5 18. cxd6 Qe8 19. exd5 e4 20. Nxe4 Nxe4 21. Rce1
Bf5 22. d7 Qxd7 23. Bxe4 Bxe4 24. Rxe4 Qxd5 25. Re5 Qd8 26. Rd1 Qf6 27. Rxa5 Qb6
28. Re5 Rac8 29. Qb3 h6 30. Rde1 Rcd8 31. a3 Rb8 32. Nf4 Kh8 33. Qe3 Qd6 34. Rd5
Qc6 35. Rc1 Qb7 36. Rd6 bxa3 37. bxa3 Rbc8 38. Rxc8 Rxc8 39. Nd5 Qb1+ 40. Kg2
Nc5 41. Ne7 Rb8 42. Qxc5 Qe4+ 43. Kh3 Re8 44. Rd7 Qe2 45. Kg2 Qe4+ 46. Kh3 Qe2
47. Qe3 Qf1+ 48. Kh4 Qc4+ 49. f4 Kh7 50. Qe5 Qa2 51. Kh3 Qc4 52. Qd5 Qf1+ 53.
Kh4 Qe2 54. Qd3+ Qxd3 55. Rxd3 Rxe7 56. Rd2 Re4 57. Kg4 Ra4 58. Rd3 Kg6 59. Kf3
Kf5 60. g4+ Kf6 61. h4 g5 62. fxg5+ hxg5 63. h5 Kg7 64. Rb3 Kh6 65. Kg3 Kg7 66.
Rc3 Ra5 67. Rb3 Ra4 1/2-1/2

[Event "3rd Kolkata GM Open 2018"]
[Site "Kolkata IND"]
[Date "2018.05.15"]
[Round "2.3"]
[White "Karthikeyan, Murali"]
[Black "Vantika, Agrawal"]
[Result "0-1"]
[WhiteTitle "GM"]
[BlackTitle "WIM"]
[WhiteElo "2617"]
[BlackElo "2296"]
[WhiteFideId "5074452"]
[BlackFideId "25050389"]
[EventDate "2018.05.14"]

1. Nf3 Nf6 2. g3 g6 3. Bg2 Bg7 4. O-O O-O 5. d4 d6 6. c4 Nc6 7. Nc3 Rb8 8. d5
Na5 9. Nd2 c5 10. a3 Qc7 11. Qc2 a6 12. Nd1 b5 13. cxb5 axb5 14. b4 Nc4 15. Nxc4
bxc4 16. Rb1 cxb4 17. axb4 Bf5 18. e4 Bd7 19. Nc3 e6 20. dxe6 fxe6 21. h3 Bc6
22. Be3 Nd7 23. Rfd1 Ne5 24. f4 Nd3 25. Ne2 Nxb4 26. Qxc4 d5 27. exd5 exd5 28.
Qc1 Rfc8 29. Qd2 Qd6 30. Rdc1 d4 31. Nxd4 Bxg2 32. Kxg2 Rxc1 33. Qxc1 Qd5+ 34.
Nf3 Bf8 35. Qd2 Qe4 36. Rc1 Ra8 37. Bf2 Ra2 38. Qc3 Rxf2+ 39. Kxf2 Nd3+ 40. Kg2
Qe2+ 41. Kh1 Qxf3+ 42. Kh2 Qe2+ 0-1